000 00214 a2200097 4500
001 18596
100 _aJafarsyed ahmed
245 _aKhutbat-e-quaid-e-azam
260 _a
_bMaqbool academy
_c
090 _c13824
_d13824
942 _aNUST-CAE
_cM
_c4252
999 _c253669
_d253669